[Event "BCF-chT 2122 (4NCL)"]
[Site "England"]
[Date "2021.11.28"]
[Round "2.138"]
[White "Pardoe, David"]
[Black "Moore, Eoin"]
[Result "0-1"]
[WhiteElo "1684"]
[BlackElo "1586"]
[PlyCount "68"]
[EventDate "2021.11.27"]
[EventType "team-swiss"]
[EventRounds "11"]
[EventCountry "ENG"]
[SourceTitle "EXT 2023"]
[Source "ChessBase"]
[SourceDate "2022.10.05"]
[SourceVersion "1"]
[SourceVersionDate "2022.10.05"]
[SourceQuality "1"]
[WhiteTeam "Manchester Manticores"]
[BlackTeam "KJCA Kings"]
[WhiteTeamCountry "ENG"]
[BlackTeamCountry "ENG"]

1. d4 Nf6 2. c4 g6 3. Nc3 d5 4. c5 Bg7 5. Bf4 c6 6. e3 0-0 7. Bd3 Nbd7 8. h4 Nh5 9. Bh2 f5 10. Be2 Nhf6 11. Nf3 b6 12. Ng5 Nb8 13. Qb3 Bd7 14. Be5 bxc5 15. dxc5 Qa5 16. Qb7 Qxc5 17. Qxa8 Qb6 18. Bd4 c5 19. Bxf6 Bc6 20. Nxd5 Qa5+ 21. Kf1 Bxf6 22. Nxe7+ Bxe7 23. Bc4+ Kh8 24. Ne6 Bxa8 25. Nxf8 Bxf8 26. h5 g5 27. Rd1 Qc7 28. b3 Kg7 29. Rh3 g4 30. Rg3 Bd6 31. f4 Be7 32. Be6 Bh4 33. Kf2 Qc6 34. Bxf5 Qxg2+ 0-1